<?xml version="1.0" encoding="UTF-8"?>
<record
    xmlns:xsi="http://www.w3.org/2001/XMLSchema-instance"
    xsi:schemaLocation="http://www.loc.gov/MARC21/slim http://www.loc.gov/standards/marcxml/schema/MARC21slim.xsd"
    xmlns="http://www.loc.gov/MARC21/slim">

  <leader>00172nam a2200073Ia 4500</leader>
  <controlfield tag="008">170524s9999    xx            000 0 und d</controlfield>
  <datafield tag="100" ind1=" " ind2=" ">
    <subfield code="a">MURTHY- YLR</subfield>
  </datafield>
  <datafield tag="245" ind1=" " ind2="0">
    <subfield code="a">BRAND MANAGEMENT</subfield>
  </datafield>
  <datafield tag="260" ind1=" " ind2=" ">
    <subfield code="b">VIKAS PUB.HOUSE</subfield>
  </datafield>
  <datafield tag="999" ind1=" " ind2=" ">
    <subfield code="c">7887</subfield>
    <subfield code="d">7887</subfield>
  </datafield>
  <datafield tag="952" ind1=" " ind2=" ">
    <subfield code="0">0</subfield>
    <subfield code="1">0</subfield>
    <subfield code="2">ddc</subfield>
    <subfield code="4">0</subfield>
    <subfield code="7">0</subfield>
    <subfield code="a">01</subfield>
    <subfield code="b">01</subfield>
    <subfield code="d">2017-05-30</subfield>
    <subfield code="p">01-B-84939</subfield>
    <subfield code="r">2017-05-30</subfield>
    <subfield code="u">MANAGEMENT</subfield>
    <subfield code="w">2017-05-30</subfield>
    <subfield code="y">06</subfield>
  </datafield>
  <datafield tag="952" ind1=" " ind2=" ">
    <subfield code="0">0</subfield>
    <subfield code="1">0</subfield>
    <subfield code="2">ddc</subfield>
    <subfield code="4">0</subfield>
    <subfield code="7">0</subfield>
    <subfield code="a">01</subfield>
    <subfield code="b">01</subfield>
    <subfield code="d">2017-05-30</subfield>
    <subfield code="p">01-B-84940</subfield>
    <subfield code="r">2017-05-30</subfield>
    <subfield code="u">MANAGEMENT</subfield>
    <subfield code="w">2017-05-30</subfield>
    <subfield code="y">02</subfield>
  </datafield>
  <datafield tag="952" ind1=" " ind2=" ">
    <subfield code="0">0</subfield>
    <subfield code="1">0</subfield>
    <subfield code="2">ddc</subfield>
    <subfield code="4">0</subfield>
    <subfield code="7">0</subfield>
    <subfield code="a">01</subfield>
    <subfield code="b">01</subfield>
    <subfield code="d">2017-05-30</subfield>
    <subfield code="p">01-B-86874</subfield>
    <subfield code="r">2017-05-30</subfield>
    <subfield code="u">MANAGEMENT</subfield>
    <subfield code="w">2017-05-30</subfield>
    <subfield code="y">02</subfield>
  </datafield>
  <datafield tag="952" ind1=" " ind2=" ">
    <subfield code="0">0</subfield>
    <subfield code="1">0</subfield>
    <subfield code="2">ddc</subfield>
    <subfield code="4">0</subfield>
    <subfield code="7">0</subfield>
    <subfield code="a">01</subfield>
    <subfield code="b">01</subfield>
    <subfield code="d">2017-05-30</subfield>
    <subfield code="p">01-B-86875</subfield>
    <subfield code="r">2017-05-30</subfield>
    <subfield code="u">MANAGEMENT</subfield>
    <subfield code="w">2017-05-30</subfield>
    <subfield code="y">02</subfield>
  </datafield>
  <datafield tag="952" ind1=" " ind2=" ">
    <subfield code="0">0</subfield>
    <subfield code="1">0</subfield>
    <subfield code="2">ddc</subfield>
    <subfield code="4">0</subfield>
    <subfield code="7">0</subfield>
    <subfield code="a">01</subfield>
    <subfield code="b">01</subfield>
    <subfield code="d">2017-05-30</subfield>
    <subfield code="p">01-B-86876</subfield>
    <subfield code="r">2017-05-30</subfield>
    <subfield code="u">MANAGEMENT</subfield>
    <subfield code="w">2017-05-30</subfield>
    <subfield code="y">02</subfield>
  </datafield>
  <datafield tag="952" ind1=" " ind2=" ">
    <subfield code="0">0</subfield>
    <subfield code="1">0</subfield>
    <subfield code="2">ddc</subfield>
    <subfield code="4">0</subfield>
    <subfield code="7">0</subfield>
    <subfield code="a">01</subfield>
    <subfield code="b">01</subfield>
    <subfield code="d">2017-05-30</subfield>
    <subfield code="p">01-B-86877</subfield>
    <subfield code="r">2017-05-30</subfield>
    <subfield code="u">MANAGEMENT</subfield>
    <subfield code="w">2017-05-30</subfield>
    <subfield code="y">02</subfield>
  </datafield>
  <datafield tag="952" ind1=" " ind2=" ">
    <subfield code="0">0</subfield>
    <subfield code="1">0</subfield>
    <subfield code="2">ddc</subfield>
    <subfield code="4">0</subfield>
    <subfield code="7">0</subfield>
    <subfield code="a">01</subfield>
    <subfield code="b">01</subfield>
    <subfield code="d">2017-05-30</subfield>
    <subfield code="p">01-B-86878</subfield>
    <subfield code="r">2017-05-30</subfield>
    <subfield code="u">MANAGEMENT</subfield>
    <subfield code="w">2017-05-30</subfield>
    <subfield code="y">02</subfield>
  </datafield>
</record>
